US Cremonese Squad 2025-2026 - Statistics

General Stats
  • This quiz has been taken 139 times
    64 since last reset
  • The average score is 19 of 35
Answer Stats
# Position Nation Player % Correct
1 GK Indonesia Emil Audero
97%
10 FW England Jamie Vardy
89%
99 FW Paraguay Antonio Sanabria
84%
- Coach Italy Davide Nicola
84%
6 DF Italy Federico Baschirotto
84%
9 FW Bosnia and Herzegovina Milan Đurić
84%
90 FW Italy Federico Bonazzoli
82%
77 FW Nigeria David Okereke
74%
2 MF Norway Morten Thorsby
74%
5 DF Italy Sebastiano Luperto
74%
7 FW Italy Alessio Zerbin
71%
27 FW Belgium Jari Vandeputte
71%
22 DF Italy Romano Floriani Mussolini
66%
24 DF Italy Filippo Terracciano
61%
15 DF Italy Matteo Bianchetti
61%
38 MF France Warren Bondo
58%
29 MF Morocco Youssef Maleh
58%
3 DF Italy Giuseppe Pezzella
55%
32 MF Argentina Martín Payero
55%
16 GK Italy Marco Silvestri
50%
11 FW Norway Dennis Johnsen
47%
14 FW Cameroon Faris Moumbagna
47%
9 FW Italy Manuel De Luca
45%
33 MF Italy Alberto Grassi
42%
4 DF Italy Tommaso Barbieri
39%
18 MF Italy Michele Collocolo
37%
55 DF Italy Francesco Folino
32%
20 MF Argentina Franco Vázquez
29%
23 DF Italy Federico Ceccherini
26%
19 FW Ecuador Jeremy Sarmiento
26%
30 DF Senegal Mikayil Faye
24%
69 GK Italy Lapo Nava
21%
8 MF Italy Mattia Valoti
21%
48 MF Georgia Dachi Lordkipanidze
18%
17 DF Italy Leonardo Sernicola
16%
No matching quizzes found
Score Distribution
Percent of People with Each Score
Percentile by Number Answered
Your Score History
You have not taken this quiz since the last reset